| 000 | 01061nam a22002297a 4500 | ||
|---|---|---|---|
| 003 | OSt | ||
| 005 | 20251001181125.0 | ||
| 008 | 240403b ||||| |||| 00| 0 eng d | ||
| 040 | _c0 | ||
| 082 | _aDPer 621.381 Ie21 October 2022 v. 37 n. 10 | ||
| 100 |
_aBonten, Remco W. T. _eauthor. _955848 |
||
| 245 |
_aImproved dynamic behavior for the series-resonant converter using bidirectional charge control / _cRemco W. T. Bonten, Jan M. Schellekens, Bas J. D. Vermulst, Frank M. Clermonts, and Henk Huisman. |
||
| 260 |
_aNew York ; _bThe Institute of Electrical and Electronics Engineers, Inc. , _cOctober 2022. |
||
| 300 |
_aVolume 37, pages 11607-11619 : _billustration ; _c28 cm. |
||
| 500 | _aIEEE Transactions on Power Electronics, v. 37, n. 10, pages 11607-11619, October 2022. | ||
| 700 |
_aBonten, Remco W. T. _eauthor. _955848 |
||
| 700 |
_aSchellekens, Jan M. _eauthor. _955849 |
||
| 700 |
_aVermulst, Bas J. D. _eauthor. _955850 |
||
| 700 |
_aClermonts, Frank M. _eauthor. _955851 |
||
| 700 |
_aHuisman, Henk. _eauthor. _955852 |
||
| 942 |
_2ddc _cPER |
||
| 999 |
_c19970 _d19970 |
||